000 01354cam a2200265 4500
001 ABS64042
008 000000n2001 000 0 eng u
035 _a(Sirsi) u112910
100 _aFenwick, J
245 _aBuilding the picture
260 _c2001
490 _aPremises and Facilities Management
_vMay 2001, 35-36(2)
520 _aPresents the results from the PFM readership survey looking at the current role and responsibilities of facilities managers. Around 440 facilities managers responded to questions about their qualifications, the number of buildings they look after, the size of their department and budget, their background, their organisation, and the delivery of key services. The survey revealed that 11% of respondents come from a surveying background, and 10% work for a facilities or property management company. The survey also found over 80% of facilities managers control five or more support services contracts, confirming the role of contract manager. Graphs.
590 _aABS
650 _aFACILITIES MANAGERS
650 _aRESPONSIBILITIES
650 _aFACILITIES MANAGEMENT
_96240
650 _aBUDGETS
650 _aSURVEYS
650 _aCONTRACT MANAGEMENT
650 _aOUTSOURCING
650 _aSUPPORT SERVICES
690 _aMANAGEMENT-BUSINESS MANAGEMENT-PROFESSIONAL PRACTICE
942 _n0
999 _c67212
_d67212